Les deux chemins de Parménide / (Record no. 48854)

MARC details
000 -LEADER
campo de control de longitud fija 00906nam a2200265 i 4500
001 - NÚMERO DE CONTROL
campo de control 48854
003 - IDENTIFICADOR DE NÚMERO DE CONTROL
campo de control ES-MaACL
005 - FECHA Y HORA DE LA ÚLTIMA TRANSACCIÓN
campo de control 20230906161832.0
007 - CAMPO FIJO DE DESCRIPCIÓN FÍSICA--INFORMACIÓN GENERAL
campo de control de longitud fija t|
008 - DATOS DE LONGITUD FIJA--INFORMACIÓN GENERAL
campo de control de longitud fija 030701s1984 fr ||||1| fre d
020 ## - NÚMERO INTERNACIONAL ESTÁNDAR DEL LIBRO
Número Internacional Estándar del Libro 2-7116-8248-X
100 1# - ENTRADA PRINCIPAL--NOMBRE DE PERSONA
Nombre de persona Cordero, Nestor-Luis.
9 (RLIN) 40513
245 14 - MENCIÓN DEL TÍTULO
Título Les deux chemins de Parménide /
Mención de responsabilidad, etc. édition critique, traduction, études et bibliographie par Nestor-Luis Cordero.
260 ## - PUBLICACIÓN, DISTRIBUCIÓN, ETC.
Lugar de publicación, distribución, etc. Paris :
Nombre del editor, distribuidor, etc. J. Vrin ;
Lugar de publicación, distribución, etc. Bruxelles :
Nombre del editor, distribuidor, etc. Ousia,
Fecha de publicación, distribución, etc. 1984.
300 ## - DESCRIPCIÓN FÍSICA
Extensión 292 p. ;
Dimensiones 21 cm.
490 1# - MENCIÓN DE SERIE
Mención de serie Bibliothèque d'histoire de la philosophie
490 1# - MENCIÓN DE SERIE
Mención de serie Cahiers de philosophie ancienne ;
Designación de volumen o secuencia 2
500 ## - NOTA GENERAL
Nota general Indice.
504 ## - NOTA DE BIBLIOGRAFÍA, ETC.
Nota de bibliografía, etc. Bibliografía.
600 04 - PUNTO DE ACCESO ADICIONAL DE MATERIA--NOMBRE DE PERSONA
Nombre de persona Parménides.
9 (RLIN) 89198
830 0# - PUNTO DE ACCESO ADICIONAL DE SERIE-TÍTULO UNIFORME
Título uniforme Bibliothèque d'histoire de la philosophie
9 (RLIN) 177275
830 0# - PUNTO DE ACCESO ADICIONAL DE SERIE-TÍTULO UNIFORME
Título uniforme Cahiers de philosophie ancienne ;
Designación de volumen o secuencia 2
9 (RLIN) 228467
852 ## - LOCALIZACIÓN
Ubicación ES-MaACL
Número de control de estantería B-2022
Sublocalización o colección R.113810
Holdings
Estatus retirado Estado de pérdida Estado de daño No para préstamo Biblioteca de origen Biblioteca actual Ubicación en estantería Fecha de adquisición Fuente de adquisición Total de préstamos Signatura topográfica completa Código de barras Visto por última vez Precio de reemplazo Tipo de ítem Koha
        Biblioteca del Ateneo de Madrid Biblioteca del Ateneo de Madrid Sala Pardo Bazán 17/01/2008     B-2022 1051409 23/02/2023 23/02/2023 Libro impreso